Logo BPK

Bibliografia Prac Pracowników

Politechniki Koszalińskiej

The assessment of European Union support for financing the investments of agricultural holdings in Poland / (Rekord nr 9117)

Szczegóły MARC
000 -ETYKIETA REKORDU
podpole kontrolne o stałej długości 01029naa a2200193 i 4500
001 - NUMER KONTROLNY REKORDU
podpole kontrolne 9117
003 - IDENTYFIKATOR NUMERU KONTROLNEGO REKORDU
podpole kontrolne KOSZ 005
005 - DATA OSTATNIEJ MODYFIKACJI REKORDU
podpole kontrolne 20180427120413.0
008 - POLE O STAŁEJ DŁUGOŚCI - DANE KONTROLNE
podpole kontrolne o stałej długości 180317s2012 xr f |000 0 eng
040 ## - ŹRÓDŁO KATALOGOWANIA
Instytucja, która sporządziła opis KOSZ 005/HR
Instytucja, która utworzyła rekord KOSZ 005/HR
100 ## - NAZWA OSOBOWA
Nazwa osobowa ZAWADZKA, Danuta.
Lata pracy 2012 - .
Instytucja Politechnika Koszalińska - Wydział Nauk Ekonomicznych,
Wydział Katedra Finansów
245 10 - TYTUŁ/ODPOWIEDZIALNOŚĆ
Tytuł The assessment of European Union support for financing the investments of agricultural holdings in Poland /
Pozostałe elementy strefy tytułu i oznaczenia odpowiedzialności Danuta Zawadzka, Agnieszka Strzelecka, Ewa Szafraniec-Siluta.
504 ## - UWAGA DOTYCZACA BIBLIOGRAFII
Informacje o bibliografii Bibliogr.
546 ## - UWAGA O JĘZYKU
Uwaga o języku Streszcz. ang.
700 1# - HASŁO DODATKOWE - NAZWA OSOBOWA
Nazwa osobowa STRZELECKA, Agnieszka.
Instytucja Politechnika Koszalińska - Wydział Nauk Ekonomicznych,
Wydział Katedra Finansów
Lata pracy 2006 - .
700 1# - HASŁO DODATKOWE - NAZWA OSOBOWA
Nazwa osobowa SZAFRANIEC-SILUTA, Ewa.
Instytucja Politechnika Koszalińska - Wydział Nauk Ekonomicznych,
Wydział Katedra Finansów
Lata pracy 2009 - .
773 0# - TYTUŁ DOKUMENTU MACIERZYSTEGO
Wyrażenie wprowadzające W :
Tytuł Managing and modelling of financial risks / M. Čulík (red.). -
Adres wydawniczy Ostrava : VŠB-Technical University Ostrava, 2012. -
Informacje dotyczące relacji s. 673–683
942 ## - HASŁO DODATKOWE - ELEMENTY(KOHA)
Schemat klasyfikacji Uniwersalna klasyfikacja dziesiętna
Typ dokumentu Rozdział

Brak dostępnych egzemplarzy.

© 2014 Biblioteka Politechniki Koszalińskiej :: BIBLIOGRAFIA PRAC PRACOWNIKÓW